| 000 | 00526nam a2200157 a 4500 | ||
|---|---|---|---|
| 008 | 120416s1983 ||||||||||||||||| || u | ||
| 020 | _a0333319036 | ||
| 050 | _aHF 5415.15 Bur | ||
| 100 | _aBureau, J. R | ||
| 245 | 1 | 0 | _aBrand management |
| 246 | _aplanning and control | ||
| 260 |
_aLondon _bMacmillan _c1983 |
||
| 300 | _axiii, 250p. : ill. | ||
| 350 | _a0.00 | ||
| 995 |
_D0.00 _FCBU-MAIN LIBRARY (Kitwe) _H1 _I6.95 _M1 _UAVAILABLE _ZMain Library Open Access Collection |
||
| 999 |
_c36091 _d36091 |
||